<?xml version="1.0" encoding="UTF-8"?>
<record
    xmlns:xsi="http://www.w3.org/2001/XMLSchema-instance"
    xsi:schemaLocation="http://www.loc.gov/MARC21/slim http://www.loc.gov/standards/marcxml/schema/MARC21slim.xsd"
    xmlns="http://www.loc.gov/MARC21/slim">

  <leader>01508na  a2200433   4500</leader>
  <controlfield tag="001">19332</controlfield>
  <controlfield tag="003">MIRAKIL</controlfield>
  <controlfield tag="005">20181213154945.0</controlfield>
  <controlfield tag="008">161213b        tu            000 0      </controlfield>
  <datafield tag="035" ind1=" " ind2=" ">
    <subfield code="a">19332</subfield>
  </datafield>
  <datafield tag="040" ind1=" " ind2=" ">
    <subfield code="a">Milas</subfield>
    <subfield code="b">tur</subfield>
    <subfield code="c">TR-AnCHP</subfield>
  </datafield>
  <datafield tag="041" ind1=" " ind2=" ">
    <subfield code="a">tur</subfield>
  </datafield>
  <datafield tag="082" ind1=" " ind2=" ">
    <subfield code="a">CHP 363.12</subfield>
    <subfield code="b">B29y [1994]</subfield>
  </datafield>
  <datafield tag="090" ind1=" " ind2=" ">
    <subfield code="a">BRO&#x15E;&#xDC;R 29</subfield>
  </datafield>
  <datafield tag="100" ind1=" " ind2=" ">
    <subfield code="a">Baykal, Deniz</subfield>
  </datafield>
  <datafield tag="240" ind1=" " ind2=" ">
    <subfield code="a">Yeni Hedefler... Yeni T&#xFC;rkiye...</subfield>
  </datafield>
  <datafield tag="245" ind1=" " ind2=" ">
    <subfield code="a">Yeni Hedefler... Yeni T&#xFC;rkiye...</subfield>
    <subfield code="b">&#x15E;of&#xF6;r&#xFC;n huzuru g&#xFC;vencemizdir...</subfield>
    <subfield code="c">[Deniz Baykal]</subfield>
  </datafield>
  <datafield tag="246" ind1=" " ind2=" ">
    <subfield code="a">&#x15E;of&#xF6;r&#xFC;n huzuru g&#xFC;vencemizdir...</subfield>
  </datafield>
  <datafield tag="260" ind1=" " ind2=" ">
    <subfield code="a">Ankara</subfield>
    <subfield code="b">CHP</subfield>
    <subfield code="c">[1994]</subfield>
  </datafield>
  <datafield tag="300" ind1=" " ind2=" ">
    <subfield code="a">5 s.</subfield>
    <subfield code="c">19 sm.</subfield>
  </datafield>
  <datafield tag="490" ind1=" " ind2=" ">
    <subfield code="a">Cumhuriyet Halk Partisi yay&#x131;nlar&#x131;</subfield>
  </datafield>
  <datafield tag="500" ind1=" " ind2=" ">
    <subfield code="a">18 kopya.</subfield>
  </datafield>
  <datafield tag="500" ind1=" " ind2=" ">
    <subfield code="a">D&#x131;&#x15F; kapakta ba&#x15F;ka yap&#x131;t ad&#x131;: CHP : De&#x11F;i&#x15F;imin g&#xFC;c&#xFC;</subfield>
  </datafield>
  <datafield tag="600" ind1=" " ind2=" ">
    <subfield code="a">Baykal, Deniz</subfield>
    <subfield code="x">Ta&#x15F;&#x131;mac&#x131;l&#x131;k</subfield>
    <subfield code="y">&#xC7;&#xF6;z&#xFC;m &#xF6;nerileri</subfield>
  </datafield>
  <datafield tag="600" ind1=" " ind2=" ">
    <subfield code="a">Baykal, Deniz</subfield>
    <subfield code="x">Se&#xE7;im kampanyalar&#x131;, 1994</subfield>
    <subfield code="y">Ta&#x15F;&#x131;mac&#x131;l&#x131;k</subfield>
  </datafield>
  <datafield tag="610" ind1=" " ind2=" ">
    <subfield code="a">CHP</subfield>
    <subfield code="x">Ta&#x15F;&#x131;mac&#x131;l&#x131;k</subfield>
    <subfield code="y">&#xC7;&#xF6;z&#xFC;m &#xF6;nerileri</subfield>
  </datafield>
  <datafield tag="610" ind1=" " ind2=" ">
    <subfield code="a">CHP</subfield>
    <subfield code="x">Se&#xE7;im kampanyalar&#x131;, 1994</subfield>
    <subfield code="y">Ta&#x15F;&#x131;mac&#x131;l&#x131;k</subfield>
  </datafield>
  <datafield tag="650" ind1=" " ind2=" ">
    <subfield code="a">CHP</subfield>
    <subfield code="x">Ta&#x15F;&#x131;mac&#x131;l&#x131;k</subfield>
    <subfield code="y">&#xC7;&#xF6;z&#xFC;m &#xF6;nerileri</subfield>
  </datafield>
  <datafield tag="650" ind1=" " ind2=" ">
    <subfield code="a">CHP</subfield>
    <subfield code="x">Esnaflar</subfield>
    <subfield code="y">&#x15E;of&#xF6;rler</subfield>
  </datafield>
  <datafield tag="651" ind1=" " ind2=" ">
    <subfield code="a">T&#xFC;rkiye</subfield>
    <subfield code="x">Toplumsal sorunlar</subfield>
    <subfield code="y">Ula&#x15F;&#x131;m kazalar&#x131;</subfield>
  </datafield>
  <datafield tag="657" ind1=" " ind2=" ">
    <subfield code="a">Yeni hedefler yeni T&#xFC;rkiye kampanyas&#x131;</subfield>
  </datafield>
  <datafield tag="710" ind1=" " ind2=" ">
    <subfield code="a">CHP</subfield>
  </datafield>
  <datafield tag="740" ind1=" " ind2=" ">
    <subfield code="a">Yeni Hedefler... Yeni T&#xFC;rkiye...</subfield>
  </datafield>
  <datafield tag="740" ind1=" " ind2=" ">
    <subfield code="a">CHP : De&#x11F;i&#x15F;imin g&#xFC;c&#xFC;</subfield>
  </datafield>
  <datafield tag="740" ind1=" " ind2=" ">
    <subfield code="a">&#x15E;of&#xF6;r&#xFC;n huzuru g&#xFC;vencemizdir...</subfield>
  </datafield>
  <datafield tag="830" ind1=" " ind2=" ">
    <subfield code="a">CHP yay&#x131;nlar&#x131;</subfield>
  </datafield>
  <datafield tag="942" ind1=" " ind2=" ">
    <subfield code="2">ddc</subfield>
    <subfield code="c">BKS</subfield>
  </datafield>
  <datafield tag="952" ind1=" " ind2=" ">
    <subfield code="5">1</subfield>
    <subfield code="a">0001</subfield>
    <subfield code="b">0001</subfield>
    <subfield code="d">2016-12-13</subfield>
    <subfield code="e">2</subfield>
    <subfield code="f"> BRO&#x15E;&#xDC;RLER</subfield>
    <subfield code="l">0</subfield>
    <subfield code="o">BRO&#x15E;&#xDC;R 29</subfield>
    <subfield code="p">011095</subfield>
    <subfield code="r">2016-12-13 00:00:00</subfield>
    <subfield code="t">k.18</subfield>
    <subfield code="v">0.00</subfield>
    <subfield code="w">2016-12-13</subfield>
    <subfield code="y">BKS</subfield>
  </datafield>
  <datafield tag="999" ind1=" " ind2=" ">
    <subfield code="c">3861</subfield>
    <subfield code="d">3861</subfield>
  </datafield>
</record>
